[Event "Verbandsliga Suedbaden 2223"]
[Site "Germany"]
[Date "2022.11.20"]
[Round "3.2"]
[White "Fischer, Daniel"]
[Black "Paltrinieri, Nicholas"]
[Result "1/2-1/2"]
[WhiteElo "1926"]
[BlackElo "2297"]
[PlyCount "189"]
[EventDate "2022.09.25"]
[EventType "team-tourn"]
[EventRounds "9"]
[EventCountry "GER"]
[SourceTitle "EXT 2024"]
[Source "ChessBase"]
[SourceDate "2023.10.10"]
[SourceVersion "1"]
[SourceVersionDate "2023.10.10"]
[SourceQuality "1"]
[WhiteTeam "Dreilaendereck"]
[BlackTeam "Wiehre"]
[WhiteTeamCountry "GER"]
[BlackTeamCountry "GER"]

1. e4 e6 2. d4 d5 3. Nc3 Bb4 4. e5 b6 5. Qg4 Bf8 6. h4 Ne7 7. h5 h6 8. Nf3 Qd7 9. b4 Nbc6 10. a3 Bb7 11. Bd3 0-0-0 12. Qf4 g5 13. hxg6 fxg6 14. b5 Na5 15. Qf6 Rh7 16. Qh4 Rf7 17. Ne2 Nc4 18. a4 c6 19. Qh3 g5 20. c3 Kb8 21. Nd2 cxb5 22. axb5 Rc8 23. Ng3 Nf5 24. Nxf5 exf5 25. Qh5 Qe6 26. 0-0 Rcc7 27. Nf3 Rg7 28. Nh2 Bc8 29. f4 g4 30. g3 Be7 31. Rf2 Bd7 32. Nf1 Rf7 33. Rb1 Be8 34. Rh2 Bf8 35. Rf2 Bg7 36. Qh1 Rf8 37. Rh2 Bf7 38. Qg2 Rg8 39. Qa2 Bf8 40. Ra1 Qd7 41. Qb1 Bg6 42. Rha2 Rb7 43. Ra4 h5 44. R1a2 Qh7 45. Rh2 Rc7 46. Qa2 Be8 47. Qb1 Bd7 48. Raa2 Be6 49. Rh1 Qg6 50. Rhh2 Be7 51. Ra4 Qf7 52. Qa2 Bd7 53. Qb1 a5 54. Raa2 Rh8 55. Rh1 Kc8 56. Qb3 Kd8 57. Re2 Be6 58. Qb1 Ke8 59. Ra2 Kf8 60. Re2 Kg7 61. Ra2 Kg6 62. Rah2 Qe8 63. Bxc4 Rxc4 64. Bd2 Kg7 65. Ne3 Qf7 66. Be1 a4 67. Ra2 a3 68. Nxc4 dxc4 69. Qc1 Ra8 70. Rhh2 Bd5 71. Ra1 Kg6 72. Rha2 Bb7 73. Rh2 Qd5 74. Qe3 Qxb5 75. Kf1 Be4 76. Kg1 Qd5 77. Rha2 Ra5 78. Bd2 Rb5 79. Bc1 Bd3 80. Qf2 h4 81. Bxa3 Bxa3 82. Rxa3 h3 83. Kh2 Rb3 84. Rxb3 cxb3 85. Re1 Qf3 86. Qd2 Be4 87. c4 Kf7 88. d5 Qd3 89. e6+ Ke8 90. Qb2 Qc2+ 91. Re2 Qxb2 92. Rxb2 Bc2 93. d6 Kd8 94. Kg1 Ke8 95. Kf2 1/2-1/2